000 00444nam a2200145Ia 4500
008 150509s9999 xx 000 0 und d
082 _aREF382.09678025 NAT
100 _aNational Bank of Commerce
245 _aTanzania import export directory
260 _aDar es Salaam:
260 _bInternational Banking Department, Trade Promotion Division
260 _c1975
300 _axiii, 147p. 29cm.
650 _aInternational commerce, Directory
999 _c7308
_d7308